Sports Quiz

Random Sports Quiz

Cheerleading Moves Quiz Stats

 Plays Quiz not verified by Sporcle

Challenge
Share
Tweet
Embed
Score 0/10 Timer 10:00
0 Plays Today
Moves % Correct
High V
98.4%
Low V
98.4%
Touchdown
80.6%
Broken T
56.5%
T
29%
Clap
19.4%
Clasp
17.7%
Table Tops
12.9%
Bow and Arrow
11.3%
Punch Up
3.2%

You're not logged in!

Compare scores with friends on all Sporcle quizzes.
OR
Log In

You Might Also Like...

Show Comments

Extras

Created Sep 26, 2012ReportNominate
Tags:cheerleading

Top Quizzes Today


Score Distribution

Your Account Isn't Verified!

In order to create a playlist on Sporcle, you need to verify the email address you used during registration. Go to your Sporcle Settings to finish the process.

Report this User

Report this user for behavior that violates our Community Guidelines.

Details: